〈🍑桃鉄〉物件から駅を当てる - Statistics

General Stats
  • This quiz has been taken 81 times
  • The average score is 36 of 62
Answer Stats
駅名 % Correct
夕張
88%
札幌
85%
富良野
81%
盛岡
75%
青森
72%
広島
72%
函館
71%
名古屋
71%
大阪
71%
岡山
71%
長崎
71%
仙台
69%
奈良
69%
釧路
68%
東京
68%
横浜
68%
神戸
68%
出雲
68%
下関
68%
鹿児島
68%
那覇
68%
静岡
67%
博多
67%
熊本
67%
金沢
65%
京都
65%
高松
65%
秋田
64%
和歌山
64%
鳥取
64%
高知
64%
大分
64%
浜松
63%
松山
63%
稚内
61%
新潟
61%
松本
61%
甲府
61%
千葉
59%
岐阜
59%
別府
59%
富山
57%
上野
56%
浦安
56%
豊橋
55%
鳴子
53%
福島
53%
小田原
52%
花巻
51%
宇治
45%
松阪
44%
太宰府
44%
蔵王
41%
桜島
36%
城崎
35%
那智
32%
鳥栖
32%
米原
29%
妙高
24%
襟裳
21%
松島
21%
角館
19%
No matching quizzes found
Score Distribution
Percent of People with Each Score
Percentile by Number Answered
Your Score History
You have not taken this quiz